[Event "ESP Autonomico-chT"]
[White "Planas Torrea, Francisco Javier"]
[Black "Galan Fernandez, Felix"]
[Site "Spain"]
[Round "1.57"]
[Result "1-0"]
[Date "2006.02.04"]
[WhiteElo "2017"]
[BlackElo "2133"]
[PlyCount "87"]
[EventDate "2006.02.04"]
[EventType "team-tourn"]
[EventRounds "9"]
[EventCountry "ESP"]
[SourceTitle "EXT 2007"]
[Source "ChessBase"]
[SourceDate "2006.11.23"]
[SourceVersion "1"]
[SourceVersionDate "2006.11.23"]
[SourceQuality "1"]

1. Nf3 Nf6 2. g3 g6 3. Bg2 Bg7 4. 0-0 0-0 5. d3 d6 6. e4 e5 7. Nc3 c6 8. Bd2 h6 9. Nh4 Kh7 10. Rb1 Nh5 11. Qe1 Nf4 12. Bxf4 exf4 13. Qd2 f5 14. exf5 Bxf5 15. Nxf5 Rxf5 16. Bh3 Rf8 17. Ne2 f3 18. Nf4 Qf6 19. Rfe1 Qg5 20. Re6 Be5 21. Qb4 Rf7 22. Nxg6 Na6 23. Qh4 Qxh4 24. Nxh4 Bf6 25. Nf5 d5 26. Nd6 Rff8 27. Nxb7 Rab8 28. Rxc6 Rxb7 29. Rxa6 Bd4 30. b3 Bb6 31. Re1 Rc7 32. c4 dxc4 33. bxc4 Rf6 34. Ra3 Bc5 35. Rb3 Ra6 36. Bf5+ Kg7 37. Rb2 Bd4 38. Rc2 Rb6 39. Be4 Rf6 40. Rb1 h5 41. Rb7 Rxb7 42. Bxb7 Kf7 43. c5 Ke7 44. c6 1-0

[Event "Autonomico-chT"]
[White "Hinojar Basa, Alfonso"]
[Black "Planas Torrea, Francisco Javier"]
[Site "Aragon"]
[Round "12.9"]
[Result "1/2-1/2"]
[Date "2005.04.16"]
[WhiteElo "2167"]
[BlackElo "2046"]
[PlyCount "129"]
[EventDate "2005.01.22"]
[EventType "team-tourn"]
[EventRounds "12"]
[EventCountry "ESP"]
[SourceTitle "EXT 2006"]
[Source "ChessBase"]
[SourceDate "2005.11.24"]
[SourceVersion "1"]
[SourceVersionDate "2005.11.24"]
[SourceQuality "1"]

1. e4 e5 2. Nf3 Nc6 3. Bc4 Bc5 4. c3 Nf6 5. d3 h6 6. Nbd2 d6 7. 0-0 0-0 8. b4 Bb6 9. a4 a6 10. Bb3 Bg4 11. Nc4 Ba7 12. Ne3 Bh5 13. h3 Qd7 14. g4 Bxe3 15. fxe3 Bg6 16. Nh4 Kh7 17. Nf5 d5 18. exd5 Nxd5 19. Qe1 Nce7 20. e4 Bxf5 21. gxf5 Nf6 22. Bc2 Nc6 23. Be3 Rg8 24. Qh4 g5 25. fxg6+ Rxg6+ 26. Kh1 Qe7 27. Rf3 Kg7 28. Raf1 Rh8 29. d4 b6 30. b5 axb5 31. axb5 Nd8 32. dxe5 Nd5 33. Rf6 Nxe3 34. Rxg6+ Kf8 35. Rg8+ Rxg8 36. Qxh6+ Ke8 37. Qxe3 Qxe5 38. Rg1 Rh8 39. Bd1 Ne6 40. Bg4 Nc5 41. Qd4 f6 42. Qxe5+ fxe5 43. Bf5 Kf7 44. Kg2 Nd3 45. Kf3 Nf4 46. Rd1 Nxh3 47. Rd7+ Kf6 48. Rxc7 Ng5+ 49. Ke3 Rb8 50. Kd3 Nf7 51. Rc6+ Kg5 52. Kc4 Kf4 53. Kd5 Rd8+ 54. Ke6 Ng5+ 55. Ke7 Rd3 56. Rxb6 Rxc3 57. Rc6 Rb3 58. b6 Nxe4 59. Bxe4 Kxe4 60. Kd6 Kf4 61. Rc4+ Kf3 62. Kc5 Rxb6 63. Kxb6 e4 64. Kc5 e3 65. Rc3 1/2-1/2